| 000 | 00445nam a2200157 i 4500 | ||
|---|---|---|---|
| 001 | 87539 | ||
| 003 | ES-MaACL | ||
| 005 | 20230906175705.0 | ||
| 007 | t| | ||
| 008 | 041222s1909 cl ||||1| spa d | ||
| 100 | 1 |
_aLabarca Hubertson, Amanda. _969210 |
|
| 245 | 1 | 0 |
_aImpresiones de juventud / _cAmanda Labarca Hubertson. |
| 260 |
_a[Santiago de Chile : _bs.n., _c1909] ( _fCervantes) |
||
| 300 |
_a190 p. ; _c25 cm. |
||
| 852 |
_aES-MaACL _jG-9541 |
||
| 999 |
_c87539 _d87539 |
||